Agentúra dočasného zamestnávania

Agentúra dočasného zamestnávania je právnická osoba alebo fyzická osoba, ktorá zamestnáva občana v pracovnom pomere na účel jeho dočasného pridelenia k užívateľskému zamestnávateľovi na území Slovenskej republiky na výkon práce pod jeho dohľadom a vedením alebo na účel jeho vyslania podľa osobitného...

ver descrição completa

Na minha lista:
Detalhes bibliográficos
Autor principal: Bonek, Martin
Formato: Capítulo de Livro
Idioma:eslovaco
Assuntos:
Tags: Adicionar Tag
Sem tags, seja o primeiro a adicionar uma tag!

MARC

LEADER 00000naa a2200000 4500
001 0296822
005 20240417075251.3
041 0 |a slo 
044 |a SK 
245 1 0 |a Agentúra dočasného zamestnávania  |c Martin Bonek 
520 |a Agentúra dočasného zamestnávania je právnická osoba alebo fyzická osoba, ktorá zamestnáva občana v pracovnom pomere na účel jeho dočasného pridelenia k užívateľskému zamestnávateľovi na území Slovenskej republiky na výkon práce pod jeho dohľadom a vedením alebo na účel jeho vyslania podľa osobitného predpisu. 
610 2 0 |a osoby fyzické 
610 2 0 |a osoby právnické 
610 2 0 |a agentúry 
610 2 0 |a pomer pracovný 
610 2 0 |a zamestnanci 
610 2 0 |a zamestnávatelia 
610 2 0 |a zákonník práce 
100 1 |a Bonek, Martin